Statistics for S-el kezdődő országok

Click here to take the quiz!

General Stats

  • This quiz has been taken 13 times
  • The average score is 18 of 24

Answer Stats

Ország% Correct
Svédország
100%
Szenegál
100%
Szingapúr
100%
Szíria
100%
Salamon-szigetek
86%
Spanyolország
86%
Suriname
86%
Svájc
86%
Szomália
86%
Szudán
86%
Saint Lucia
71%
Saint Vincent és a
Grenadine-szigetek
71%
Seychelle-szigetek
71%
Sierra Leone
71%
Szaúd-Arábia
71%
Szlovákia
71%
Szlovénia
71%
Szváziföld
71%
Saint Kitts és Nevis
57%
San Marino
57%
Srí Lanka
57%
Szamoa
57%
Szerbia
57%
São Tomé és Príncipe
43%

Score Distribution

Percentile by Number Answered

Percent of People with Each Score

Your Score History

You have not taken this quiz